000 00597nam a2200205Ia 4500
005 20250326142803.0
008 250326s9999 xx 000 0 und d
020 _a0-87692-339-2
037 _aTextbook
040 _aFMSL
_beng
_cFMSL
041 _aeng
_2eng
084 _aX8(A):97 M4
_qFMSL
100 _aYoder Dale
245 0 _aPersonnel management and industrial relations
_cYoder Dale; Staudorar Paul D.
250 _aEd 7
260 _aNew Delhi
_bNew Delhi, Prentice Hall of India
_c1984
300 _avii,559
942 _cTB
_hX8(A):97 M4
999 _c1296627
_d1296627